Classification automatique pour l'analyse des données
Guardat en:
| Autor principal: | |
|---|---|
| Format: | Llibre |
| Idioma: | francès |
| Publicat: |
París
Dunod
1978
|
| Col·lecció: | Dunod Decision
|
| Matèries: | |
| Etiquetes: |
Afegir etiqueta
Sense etiquetes, Sigues el primer a etiquetar aquest registre!
|
MARC
| LEADER | 00000nam a2200000 a 4500 | ||
|---|---|---|---|
| 001 | UCU2374 | ||
| 003 | CL-VaPUC | ||
| 008 | 960426e19780000FR |||||||||||||||||fre|d | ||
| 082 | 0 | 4 | |a 001.422 |b JAM |2 21 |
| 100 | 0 | |a Jambu, Michel |e author |9 358477 | |
| 245 | 1 | 0 | |a Classification automatique pour l'analyse des données |
| 300 | |a v | ||
| 942 | |c BK | ||
| 945 | |d 19960426 00:00:00 |a rbrito | ||
| 260 | |a París |b Dunod |c 1978 | ||
| 500 | |a v.1: Méthodes et algorithmes | ||
| 500 | |a v.2: Logiciel | ||
| 650 | 0 | |a Análisis de datos |9 269871 | |
| 650 | 7 | |a CLASIFICACION AUTOMATICA |2 CL-VaPUC |9 358478 | |
| 650 | 0 | |a Algoritmos |9 260639 | |
| 650 | 7 | |a PROGRAMAS |2 CL-VaPUC |9 350084 | |
| 583 | |a last modification |c 19960426 00:00:00 |k Rodrigo Vera | ||
| 490 | 0 | |a Dunod Decision | |
| 999 | |c 246678 |d 246676 | ||